000 01320nam a22002297a 4500
999 _c60331
_d60331
003 Ge_BSU
005 20230629150733.0
008 230629s2007 ge ||||| |||| 00| 0 geo d
020 _a9789994061082
041 _ageo
080 _a94(479.22:470) ბ-48
100 _aბენდიანიშვილი, ალექსანდრე
_95481
245 _aგრიგოლ ლორთქიფანიძის "ფიქრები საქართველოზე" და ბრძოლა საბჭოურ-კომუნისტური რეჟიმის წინააღმდეგ /
_c ალექსანდრე ბენდიანიშვილი.
264 _aთბილისი :
_bუნივერსალი,
_c2007.
300 _a60გვ. ;
_b20სმ.
504 _aბიბლიოგრ.: გვ. 59.
653 _aსაქართველო-რუსეთის ურთიერთობის ისტორია
653 _a საქართველოს ახალი ისტორია 1921-28 წწ
653 _a გამოჩენილ ქართველთა ბიოგრაფიები.
653 _a ქართველი სოციალ-დემოკრატები
942 _2udc
_cBK